Porovnanie spracovania miezd v SR a ČR diplomová práca

Salvato in:
Dettagli Bibliografici
Autore principale: Fedašová, Katarína
Ente Autore: Fakulta hospodárskej informatiky EU. Katedra účtovníctva a audítorstva
Altri autori: Kubaščíková, Zuzana, 1982-
Natura: Libro
Lingua:slovacco
Pubblicazione: Bratislava 2024
Tags: Aggiungi Tag
Nessun Tag, puoi essere il primo ad aggiungerne!!

MARC

LEADER 00000nbm a2200000 4500
001 0301230
005 20250204150439.5
041 0 |a slo 
044 |a SK 
245 1 0 |a Porovnanie spracovania miezd v SR a ČR  |b diplomová práca  |c Katarína Fedašová ; školiteľ: Zuzana Kubaščíková 
264 1 |a Bratislava  |c 2024 
300 |a 75 s. 
100 1 |a Fedašová, Katarína 
700 1 |a Kubaščíková, Zuzana, 1982- 
710 2 |a Fakulta hospodárskej informatiky EU. Katedra účtovníctva a audítorstva